| 000 | 01371nam a22003737a 4500 | ||
|---|---|---|---|
| 003 | CHAP | ||
| 005 | 20220817044145.0 | ||
| 008 | 070331d2006 mx ad r 00110 spa d | ||
| 010 | _a93477 | ||
| 011 | _a94449 | ||
| 035 | _a105039 | ||
| 040 | _cCHAP | ||
| 090 | _aTesis | ||
| 100 | 1 |
_aRomán García, Xiomara Itandehuy. _999741 |
|
| 245 | 1 | 0 |
_aAnálisis enzimático para el diagnostico de la resistencia al Amitraz en la garrapata Boophilus microplus _c/por Xiomara Itandehuy Román García |
| 260 |
_aCocula, Gro. : _bEl autor, _c2006 |
||
| 300 |
_a44 h. : _bilus. ; gráfs. ; cuad. ; diag. |
||
| 502 | _aTesis (Ing. Agr. Zootecnista) -- Colegio Superior Agropecuario del Estado de Guerrero. Centro de Estudios Profesionales | ||
| 590 |
_aALEPH _b10 _c20130110 _lUCH01 _h1517 |
||
| 590 |
_aBATCH-UPD _b10 _c20130110 _lUCH01 _h0811 |
||
| 590 |
_aBATCH-UPD _b10 _c20130410 _lUCH01 _h0448 |
||
| 590 |
_aBATCH-UPD _b10 _c20130914 _lUCH01 _h0658 |
||
| 590 |
_aCONVERSION _b10 _c20130109 _lUCH01 _h1352 |
||
| 650 | 1 | 4 | _aBoophilus microplus. |
| 650 | 1 | 4 |
_aControl de plagas. _927595 |
| 650 | 1 | 4 |
_aControl químico. _927604 |
| 650 | 1 | 4 |
_aEnzimas. _937195 |
| 650 | 1 | 4 |
_aGarrapatas. _946932 |
| 650 | 1 | 4 |
_aGarrapaticidas. _946934 |
| 901 | _aBK | ||
| 905 | _aMarco A. Mendoza T. | ||
| 942 | _cTESIS | ||
| 949 |
_aTesis _bBC _cTES _d33724002024644 _eTS1 _gDonaciØn _h46708 _i105039 _sb |
||
| 999 |
_c93477 _d93477 |
||